[Event "Championnat de France - Open C"]
[Site "NANCY"]
[Date "2013.08.12"]
[Round "1.1"]
[White "Grandmougin, Jacques"]
[Black "Le Bail, Stephane"]
[Result "0-1"]
[WhiteElo "1640"]
[BlackElo "1798"]
[PlyCount "44"]

1. d4 d5 2. e3 Nf6 3. Bd3 Nc6 4. f4 Bg4 5. Nf3 e6 6. O-O Bd6 7. c3 Ne4 8. Nbd2
f5 9. Qe1 Qf6 10. Ne5 Bxe5 11. Nxe4 dxe4 12. dxe5 Qe7 13. Be2 Bxe2 14. Qxe2
O-O-O 15. b3 Rd3 16. Bb2 Qc5 17. Kf2 Rhd8 18. Rad1 Ne7 19. Rfe1 Qd5 20. c4 Qa5
21. Bd4 c5 22. Ba1 Rd2 0-1

[Event "Championnat de France - Open C"]
[Site "NANCY"]
[Date "2013.08.12"]
[Round "1.2"]
[White "Girault, Simon"]
[Black "Principato, Guillaume"]
[Result "0-1"]
[WhiteElo "1797"]
[BlackElo "1638"]
[PlyCount "84"]

1. e4 e6 2. d3 d5 3. Nd2 Nc6 4. Ngf3 Bd6 5. g3 Nge7 6. Bg2 Ng6 7. O-O O-O 8.
Re1 Re8 9. h4 h6 10. h5 Nge5 11. Nxe5 Bxe5 12. Nf1 Bf6 13. exd5 exd5 14. Rxe8+
Qxe8 15. Bxd5 Qe5 16. Be4 Qb5 17. Ne3 Be6 18. Ng4 Be7 19. Ne3 Rd8 20. a4 Qc5
21. b3 Bf6 22. Rb1 a5 23. Bb2 Bxb2 24. Rxb2 b6 25. Ng2 Ne7 26. Nf4 Bc8 27. Rb1
Nf5 28. Kg2 Nd6 29. Bf3 Qg5 30. Qe1 Re8 31. Qe3 c5 32. Re1 Rf8 33. Qe5 Qd8 34.
Qc3 Qg5 35. Re5 Qf6 36. Nd5 Qd8 37. d4 cxd4 38. Qxd4 Nf5 39. Qxb6 Qd7 40. Rxf5
Re8 41. Rf4 Qh3+ 42. Kg1 Re1# 0-1

[Event "Championnat de France - Open C"]
[Site "NANCY"]
[Date "2013.08.12"]
[Round "1.3"]
[White "Rioland, Ollivier"]
[Black "Dagonia, Steve"]
[Result "1/2-1/2"]
[WhiteElo "1638"]
[BlackElo "1792"]
[PlyCount "115"]
[EventDate "2013.??.??"]

1. d4 d5 2. c4 Nc6 3. Nc3 e6 4. Nf3 Nf6 5. Bg5 Be7 6. cxd5 exd5 7. e3 O-O 8.
Be2 Be6 9. O-O a6 10. Rc1 Qd7 11. a3 Rfd8 12. Qc2 Bf5 13. Bd3 Bxd3 14. Qxd3 h6
15. Bh4 Qe6 16. Nd2 Bd6 17. Bxf6 gxf6 18. f4 f5 19. Rf3 Ne7 20. Rh3 Kf8 21. Nf3
Ke8 22. Na4 b6 23. Ne5 Bxe5 24. fxe5 Ra7 25. Rf1 Rc8 26. Rf4 Kd7 27. Nc3 Rg8
28. Ne2 Ng6 29. Rxf5 Ne7 30. Rfh5 Qg4 31. Nf4 Ng6 32. Qf5+ Qxf5 33. Rxf5 Nxf4
34. exf4 Ke7 35. Rxh6 c5 36. dxc5 bxc5 37. Rc6 Rb7 38. Rxa6 d4 39. e6 fxe6 40.
Rxc5 Rxb2 41. Re5 Rgxg2+ 42. Kf1 Rgf2+ 43. Ke1 Rxh2 44. Raxe6+ Kd7 45. Re7+ Kd6
46. R7e6+ Kc7 47. Re7+ Kc6 48. R7e6+ Kb7 49. Re7+ Kb6 50. R7e6+ Ka7 51. Re7+
Kb6 52. R7e6+ Ka7 53. Re7+ Ka8 54. Re8+ Kb7 55. R8e7+ Kc6 56. R7e6+ Kd7 57.
Re7+ Kd6 58. R7e6+ 1/2-1/2

[Event "Championnat de France - Open C"]
[Site "NANCY"]
[Date "2013.08.12"]
[Round "1.4"]
[White "Bellahcene, Omar"]
[Black "Ragneau, Freddy"]
[Result "1-0"]
[WhiteElo "1789"]
[BlackElo "1636"]
[PlyCount "126"]

1. e4 c5 2. Na3 Nc6 3. Bb5 e5 4. Nf3 Qc7 5. c3 Be7 6. d3 Nf6 7. Nc4 d6 8. Ne3
Be6 9. Ng5 O-O 10. Nxe6 fxe6 11. Bc4 Qd7 12. Qb3 Kf7 13. Qa4 a6 14. Qd1 Na5 15.
Bb3 b5 16. Bc2 d5 17. Ng4 Nc6 18. O-O Kg8 19. f4 Nxg4 20. Qxg4 Rad8 21. Be3
exf4 22. Bxf4 Bf6 23. Bg5 Ne5 24. Qh4 Ng6 25. Qg4 Bxg5 26. Qxg5 d4 27. Qxc5
dxc3 28. bxc3 Rc8 29. Rxf8+ Nxf8 30. Qb4 Qc6 31. Rf1 Qc5+ 32. Qxc5 Rxc5 33. Bb3
Rxc3 34. Rf3 a5 35. d4 Rxf3 36. gxf3 Kf7 37. Kf2 Ke7 38. Ke3 g5 39. e5 Ng6 40.
Bc2 Nf8 41. a3 Kd7 42. f4 gxf4+ 43. Kxf4 Ng6+ 44. Kg5 Ne7 45. Bd3 b4 46. axb4
axb4 47. Kf4 Nd5+ 48. Kg5 b3 49. Bxh7 b2 50. Bg6 Nc3 51. h4 b1=Q 52. Bxb1 Nxb1
53. h5 Ke7 54. Kg6 Kf8 55. Kf6 Nc3 56. Kxe6 Ne4 57. Kd7 Kg7 58. d5 Kh6 59. d6
Kxh5 60. Kc8 Nc5 61. d7 Ne6 62. d8=Q Nxd8 63. Kxd8 Kg6 1-0

[Event "Championnat de France - Open C"]
[Site "NANCY"]
[Date "2013.08.12"]
[Round "1.5"]
[White "Travadon, Loic"]
[Black "Mangold, Noe"]
[Result "0-1"]
[WhiteElo "1635"]
[BlackElo "1781"]
[PlyCount "46"]

1. e4 c5 2. Nf3 d6 3. d4 cxd4 4. Nxd4 Nf6 5. Nc3 g6 6. Be3 Bg7 7. Qd2 Ng4 8.
Bg5 h6 9. Bh4 O-O 10. O-O-O Nc6 11. Nb3 Be6 12. f3 Bxb3 13. axb3 Nf6 14. Bxf6
Bxf6 15. Qxh6 Qa5 16. Qe3 Qa1+ 17. Kd2 Qxb2 18. Rb1 Bxc3+ 19. Qxc3 Qxb1 20. h4
Ne5 21. Qe3 Rac8 22. c4 Rc5 23. h5 Ra5 0-1

[Event "Championnat de France - Open C"]
[Site "NANCY"]
[Date "2013.08.12"]
[Round "1.6"]
[White "Citterio, Jean-Claude"]
[Black "Arimiea, Marcel"]
[Result "1-0"]
[WhiteElo "1776"]
[BlackElo "1633"]
[PlyCount "107"]

1. e4 e6 2. d4 d6 3. Nc3 c6 4. f4 Nd7 5. Nf3 Be7 6. Bd3 d5 7. Qe2 Bb4 8. Bd2
Bxc3 9. bxc3 dxe4 10. Bxe4 Ngf6 11. Bd3 O-O 12. O-O c5 13. Ne5 cxd4 14. cxd4
Nb6 15. c3 Nbd5 16. g4 g6 17. Rf3 Nd7 18. Rh3 Nxe5 19. fxe5 f5 20. exf6 Qxf6
21. g5 Qg7 22. Qe4 Bd7 23. Rb1 b6 24. c4 Ne7 25. Bf4 Qf7 26. Rf1 Bc6 27. Qe5
Rad8 28. Re3 Nf5 29. Bxf5 exf5 30. d5 Rfe8 31. Qc3 Rxe3 32. Qxe3 Rxd5 33. cxd5
Qxd5 34. Qg3 Qh1+ 35. Kf2 Qd5 36. Qb3 Kf8 37. Qxd5 Bxd5 38. a3 Ke7 39. Rc1 a5
40. Bc7 Ke6 41. Bxb6 a4 42. Ke3 Bb3 43. Kf4 Kd6 44. h4 Kd5 45. Ba5 Bc4 46. Bb4
Kd4 47. Rd1+ Bd3 48. Rd2 Kc4 49. Ke5 Bb1 50. Rd7 Be4 51. Rxh7 Kd3 52. Kf4 Bc6
53. Rg7 Be8 54. Re7 1-0

[Event "Championnat de France - Open C"]
[Site "NANCY"]
[Date "2013.08.12"]
[Round "1.7"]
[White "Cahen, Alexis"]
[Black "Coiffait, Casimir"]
[Result "0-1"]
[WhiteElo "1633"]
[BlackElo "1764"]
[PlyCount "49"]

1. d4 e6 2. e4 d5 3. exd5 exd5 4. Bf4 Bd6 5. Bxd6 Qxd6 6. c3 Nf6 7. Nf3 Bg4 8.
Be2 O-O 9. O-O Nbd7 10. Nbd2 Ne4 11. Nxe4 dxe4 12. Nd2 Bxe2 13. Qxe2 f5 14. Nc4
Qg6 15. Ne3 f4 16. Qc4+ Rf7 17. Nd5 Kh8 18. Qxc7 Nb6 19. Qc5 f3 20. g3 Nxd5 21.
Qxd5 Qg4 22. Kh1 Qh3 23. Rg1 Rf5 24. Qxb7 Qxh2+ 25. Kxh2 0-1

[Event "Championnat de France - Open C"]
[Site "NANCY"]
[Date "2013.08.12"]
[Round "1.8"]
[White "Akulyan, Lyova"]
[Black "Glotin, Adrien"]
[Result "0-1"]
[WhiteElo "1758"]
[BlackElo "1632"]
[PlyCount "78"]

1. e4 e6 2. d4 d5 3. exd5 exd5 4. Qf3 Bd6 5. Bd3 Nc6 6. c3 Nge7 7. Ne2 Be6 8.
Bf4 a6 9. Nd2 Ng6 10. Bxg6 fxg6 11. Bxd6 Qxd6 12. Qf4 O-O-O 13. Nf3 Rhf8 14.
Qxd6 Rxd6 15. Ne5 Bf5 16. O-O-O Nxe5 17. dxe5 Re6 18. f4 Bg4 19. Nd4 Re7 20.
Rdf1 c5 21. h3 Bd7 22. Nb3 Bb5 23. Rd1 b6 24. g3 Kc7 25. Rhe1 Bc6 26. Rd2 g5
27. Rf2 Bd7 28. h4 gxh4 29. gxh4 Rf5 30. Nd2 h6 31. Kc2 g5 32. hxg5 hxg5 33. e6
Rxe6 34. Rxe6 Bxe6 35. Re2 Kd6 36. fxg5 Rxg5 37. c4 Bf5+ 38. Kd1 Rg1+ 39. Re1
Bg4+ 0-1

[Event "Championnat de France - Open C"]
[Site "NANCY"]
[Date "2013.08.12"]
[Round "1.9"]
[White "Henry, Maxime"]
[Black "Casier, Fabrice"]
[Result "1/2-1/2"]
[WhiteElo "1627"]
[BlackElo "1750"]
[PlyCount "81"]

1. c4 e6 2. d4 c5 3. e3 Nf6 4. Nf3 cxd4 5. Nxd4 Bb4+ 6. Bd2 Bxd2+ 7. Nxd2 O-O
8. g3 Nc6 9. Nxc6 bxc6 10. Bg2 d5 11. O-O Rb8 12. b3 Qc7 13. Rc1 Qa5 14. Qc2
Ba6 15. Qc3 Qa3 16. Rc2 Rfd8 17. Re1 Nd7 18. e4 Nb6 19. exd5 cxd5 20. c5 d4 21.
Nb1 dxc3 22. Nxa3 Nd5 23. Bxd5 exd5 24. Rxc3 d4 25. Rc2 d3 26. Rd2 Rdc8 27. Nc4
Bxc4 28. bxc4 Rxc5 29. Rxd3 Rxc4 30. Rd7 Ra4 31. Ree7 Rf8 32. Rxa7 Rxa7 33.
Rxa7 f5 34. a4 Rd8 35. Kg2 Rd4 36. a5 Ra4 37. a6 h5 38. f4 Ra2+ 39. Kh3 Kh7 40.
Rf7 Kg6 41. Ra7 1/2-1/2

[Event "Championnat de France - Open C"]
[Site "NANCY"]
[Date "2013.08.12"]
[Round "1.10"]
[White "Zounani, Yacine"]
[Black "Moulin, Marie"]
[Result "1-0"]
[WhiteElo "1750"]
[BlackElo "1627"]
[PlyCount "69"]

1. d4 Nf6 2. c4 c5 3. d5 b5 4. Qc2 bxc4 5. e4 d6 6. Bxc4 g6 7. Ne2 Bg7 8. O-O
O-O 9. Nbc3 Nbd7 10. b3 Ne5 11. f4 Nxc4 12. bxc4 Ba6 13. Qa4 Qc8 14. Rb1 Nd7
15. Nb5 Nb6 16. Qc2 Qd7 17. a4 Bxb5 18. cxb5 Qc7 19. Be3 c4 20. a5 Nd7 21. b6
axb6 22. axb6 Qb7 23. Qxc4 Rfc8 24. Qb4 Rc2 25. Nd4 Rca2 26. Nc6 Kf8 27. Qc4
R2a3 28. Bd4 Nf6 29. e5 Ne4 30. Qe2 dxe5 31. fxe5 Nc3 32. Qf2 f6 33. exf6 exf6
34. Bxf6 Bxf6 35. Qxf6+ 1-0

[Event "Championnat de France - Open C"]
[Site "NANCY"]
[Date "2013.08.13"]
[Round "2.1"]
[White "Le Bail, Stephane"]
[Black "Brandel, Leo"]
[Result "0-1"]
[WhiteElo "1798"]
[BlackElo "1679"]
[PlyCount "60"]
[EventDate "2013.??.??"]

1. d4 Nf6 2. Bf4 d5 3. Nf3 c5 4. e3 Nc6 5. c3 Qb6 6. Qc2 Bf5 7. Qc1 h6 8. Be2
Nh5 9. Bg3 Nxg3 10. hxg3 f6 11. Nh4 Bh7 12. Bh5+ Kd7 13. Ng6 Bxg6 14. Bxg6 e5
15. dxc5 Bxc5 16. Bf5+ Kc7 17. O-O Ne7 18. Bd3 e4 19. Be2 Nf5 20. b4 Nxg3 21.
bxc5 Nxe2+ 22. Kh2 Qe6 23. Qe1 Qg4 24. g3 h5 25. Nd2 h4 26. Kg2 hxg3 27. Rh1
Rh2+ 28. Rxh2 gxh2+ 29. Kh1 Rh8 30. Qf1 Qg1+ 0-1

[Event "Championnat de France - Open C"]
[Site "NANCY"]
[Date "2013.08.13"]
[Round "2.2"]
[White "Roux, Jean-Francois"]
[Black "Bellahcene, Omar"]
[Result "0-1"]
[WhiteElo "1675"]
[BlackElo "1789"]
[PlyCount "104"]
[EventDate "2013.??.??"]

1. d4 d6 2. c4 e5 3. dxe5 dxe5 4. Qxd8+ Kxd8 5. e4 Be6 6. Nf3 Nd7 7. Ng5 Ke7 8.
Nxe6 Kxe6 9. Nc3 c6 10. a3 a5 11. Be2 Ngf6 12. O-O Nc5 13. f3 Nb3 14. Rb1 Bc5+
15. Kh1 Rhd8 16. Na4 Bd4 17. c5 Nxc5 18. Bc4+ Ke7 19. Nxc5 Bxc5 20. b4 axb4 21.
axb4 Bd4 22. Bb2 b5 23. Bb3 Bxb2 24. Rxb2 Rd4 25. Ba2 Ra4 26. Rc1 Kd6 27. Bxf7
Raxb4 28. Rbc2 Ke7 29. Ba2 Ra4 30. Bb3 Ra3 31. Ba2 Rad3 32. h3 Rd1+ 33. Kh2
Rxc1 34. Rxc1 Kd6 35. Rc2 c5 36. Kg1 c4 37. Kf2 Nd7 38. Ke3 Rd3+ 39. Ke2 Kc5
40. g3 Nb6 41. Bb1 Rb3 42. Ba2 Ra3 43. Kf2 b4 44. Re2 b3 45. Bb1 c3 46. f4 Ra1
47. Bd3 exf4 48. gxf4 Kd4 49. Re3 c2 50. e5 c1=Q 51. e6 Qg1+ 52. Kf3 Qxe3+ 0-1

[Event "Championnat de France - Open C"]
[Site "NANCY"]
[Date "2013.08.13"]
[Round "2.3"]
[White "Mangold, Noe"]
[Black "Nicolas, Gabrielle"]
[Result "1-0"]
[WhiteElo "1781"]
[BlackElo "1671"]
[PlyCount "55"]
[EventDate "2013.??.??"]

1. d4 d5 2. c4 c6 3. Nc3 Nf6 4. Nf3 e6 5. Bg5 Be7 6. e3 Nbd7 7. Bd3 dxc4 8.
Bxc4 b5 9. Bd3 Bb7 10. O-O O-O 11. Rc1 a6 12. Qe2 c5 13. b3 Qb6 14. Rfd1 Rac8
15. Ne5 Rfe8 16. Nxd7 Nxd7 17. Bxe7 Rxe7 18. Be4 h6 19. Qf3 Nf6 20. Bxb7 Qxb7
21. d5 exd5 22. Nxd5 Nxd5 23. Rxd5 Rec7 24. Rcd1 Re7 25. Rd8+ Rxd8 26. Rxd8+
Kh7 27. Qf5+ g6 28. Qf6 1-0

[Event "Championnat de France - Open C"]
[Site "NANCY"]
[Date "2013.08.13"]
[Round "2.4"]
[White "Delmotte, Alexandre"]
[Black "Citterio, Jean-Claude"]
[Result "1/2-1/2"]
[WhiteElo "1667"]
[BlackElo "1776"]
[PlyCount "141"]
[EventDate "2013.??.??"]

1. d4 Nf6 2. Nf3 d5 3. e3 c6 4. Bd3 Bg4 5. Nbd2 Nbd7 6. c3 Qc7 7. Qc2 Bh5 8.
O-O e6 9. c4 dxc4 10. Bxc4 Bd6 11. h3 O-O 12. Bd3 Rfe8 13. Ng5 Bg6 14. Bxg6
hxg6 15. Nde4 Be7 16. Bd2 Rad8 17. Rac1 Nxe4 18. Nxe4 Nf6 19. Rfd1 Nxe4 20.
Qxe4 Qd7 21. b4 Qd5 22. Qxd5 Rxd5 23. Bc3 Red8 24. e4 R5d7 25. Rd2 e5 26. Rcd1
exd4 27. Rxd4 Rxd4 28. Rxd4 Rxd4 29. Bxd4 Bxb4 30. Bxa7 c5 31. a4 Kf8 32. Kf1
Ke7 33. Ke2 Kd7 34. Bb8 Bc3 35. Kd3 Bd4 36. f3 Kc6 37. Kc4 g5 38. Bg3 f6 39.
Be1 Bg1 40. Bc3 Bh2 41. Ba5 b6 42. Be1 Be5 43. Bf2 Bd6 44. g3 Bc7 45. h4 gxh4
46. gxh4 g6 47. Be1 Be5 48. Bf2 Bf4 49. Be1 Be5 50. Bc3 Bxc3 51. Kxc3 Kd6 52.
f4 Ke6 53. Kc4 Kd6 54. Kb5 Kc7 55. a5 bxa5 56. Kxc5 a4 57. Kb4 Kd6 58. Kxa4 Kc5
59. f5 g5 60. h5 g4 61. h6 g3 62. h7 g2 63. h8=Q g1=Q 64. Qf8+ Kc4 65. Qf7+ Kd3
66. Qd5+ Ke2 67. Qc4+ Kf3 68. Qd3+ Kf4 69. Qd6+ Kxe4 70. Qe6+ Kf4 71. Qxf6
1/2-1/2

[Event "Championnat de France - Open C"]
[Site "NANCY"]
[Date "2013.08.13"]
[Round "2.5"]
[White "Coiffait, Casimir"]
[Black "Ameri, Vincent"]
[Result "1-0"]
[WhiteElo "1764"]
[BlackElo "1664"]
[PlyCount "87"]
[EventDate "2013.??.??"]

1. d4 Nf6 2. Nf3 d5 3. c4 c6 4. Nc3 Bf5 5. e3 e6 6. Bd2 Bd6 7. Qb3 Na6 8. c5
Bxc5 9. Bxa6 bxa6 10. dxc5 O-O 11. Qa4 Rb8 12. b4 Bd3 13. Ne5 Bb5 14. Nxb5 axb5
15. Qxa7 Ne4 16. Nf3 Qf6 17. O-O Ra8 18. Qc7 Qb2 19. Rfd1 Rxa2 20. Rxa2 Qxa2
21. Qa5 Qc2 22. Qa1 h6 23. Qb1 Qc4 24. Be1 Ra8 25. Nd4 Nc3 26. Bxc3 Qxc3 27.
Nxc6 Ra3 28. Na5 Ra4 29. Nc6 Ra3 30. h3 Rb3 31. Qa1 Ra3 32. Qxc3 Rxc3 33. Na5
Kf8 34. Kf1 Ke7 35. Ke2 Kd7 36. Kd2 Ra3 37. Rc1 Kc7 38. Rc2 g5 39. Kc1 Ra1+ 40.
Kb2 Rd1 41. Nb3 h5 42. Rc1 Rxc1 43. Kxc1 f5 44. Nd4 1-0

[Event "Championnat de France - Open C"]
[Site "NANCY"]
[Date "2013.08.13"]
[Round "2.6"]
[White "Balsamo, Christophe"]
[Black "Zounani, Yacine"]
[Result "0-1"]
[WhiteElo "1657"]
[BlackElo "1750"]
[PlyCount "94"]
[EventDate "2013.??.??"]

1. c4 c5 2. Nc3 Nc6 3. g3 g6 4. Bg2 Bg7 5. a3 a6 6. Rb1 Rb8 7. b4 cxb4 8. axb4
b5 9. Qb3 Nd4 10. Qa2 bxc4 11. Bd5 e6 12. Bxc4 Bb7 13. e4 Ra8 14. f3 Ne7 15.
Nce2 d5 16. Nxd4 dxc4 17. Nc2 Rc8 18. Ne2 Qd3 19. Ne3 e5 20. Qc2 Qxc2 21. Nxc2
f5 22. Nc3 O-O 23. Ba3 fxe4 24. fxe4 Nf5 25. Rf1 Nd4 26. Rxf8+ Bxf8 27. Ne3 Nb5
28. Bb2 Nxc3 29. Bxc3 Bxe4 30. Ra1 Bb7 31. Ra5 e4 32. Nd5 Kf7 33. Ke2 Ke6 34.
Nf4+ Kd6 35. Be5+ Kd7 36. Bc3 Bd6 37. h4 Bc7 38. Rg5 Rf8 39. h5 Rf5 40. hxg6
hxg6 41. Nxg6 Rxg5 42. Nf8+ Ke7 43. Nh7 Rxg3 44. Nf6 Rxc3 45. Ng8+ Kf8 46. dxc3
Kxg8 47. Ke3 Bb6+ 0-1

[Event "Championnat de France - Open C"]
[Site "NANCY"]
[Date "2013.08.13"]
[Round "2.7"]
[White "Canto, Jean-Louis"]
[Black "Guillaume, Marvin"]
[Result "0-1"]
[WhiteElo "1654"]
[BlackElo "1748"]
[PlyCount "46"]
[EventDate "2013.??.??"]

1. e4 e5 2. Nf3 Nc6 3. Bb5 a6 4. Ba4 Nf6 5. O-O b5 6. Bb3 Be7 7. Re1 O-O 8. c3
d5 9. exd5 Nxd5 10. Nxe5 Nxe5 11. Rxe5 c6 12. d4 Bd6 13. Re1 Qh4 14. g3 Qh3 15.
Re4 g5 16. Qf3 Bf5 17. Re1 Rae8 18. Be3 Be4 19. Bxd5 cxd5 20. Qxe4 Rxe4 21. Nd2
Re6 22. Nf3 h6 23. Re2 Qg4 0-1

[Event "Championnat de France - Open C"]
[Site "NANCY"]
[Date "2013.08.13"]
[Round "2.8"]
[White "Roch, Florian"]
[Black "Grunfelder, Anthony"]
[Result "1-0"]
[WhiteElo "1744"]
[BlackElo "1663"]
[PlyCount "37"]
[EventDate "2013.??.??"]

1. e4 e5 2. Nf3 Nc6 3. Bb5 a6 4. Ba4 b5 5. Bb3 Bc5 6. O-O Nf6 7. d3 O-O 8. a4
Bb7 9. Bg5 Be7 10. Nbd2 d5 11. Bxf6 Bxf6 12. Bxd5 Qd6 13. Qe2 Qb4 14. axb5 axb5
15. Nb3 Na5 16. c3 Qd6 17. Nxa5 Bxd5 18. exd5 Qxd5 19. Qe4 1-0

[Event "Championnat de France - Open C"]
[Site "NANCY"]
[Date "2013.08.13"]
[Round "2.9"]
[White "Francois, Tham"]
[Black "Wolfangel, Claude"]
[Result "0-1"]
[WhiteElo "1649"]
[BlackElo "1743"]
[PlyCount "40"]
[EventDate "2013.??.??"]

1. d4 Nf6 2. Nf3 e6 3. e3 c5 4. c3 Nc6 5. Bd3 cxd4 6. exd4 d5 7. O-O Qc7 8. Re1
Bd6 9. Bb5 Ng4 10. h3 Bh2+ 11. Kf1 Nf6 12. g3 Bxg3 13. fxg3 Qxg3 14. Ng1 Ne4
15. Qf3 Qh2 16. Bxc6+ bxc6 17. Rxe4 dxe4 18. Qxe4 Ba6+ 19. Ne2 Bxe2+ 20. Qxe2
Qh1+ 0-1

[Event "Championnat de France - Open C"]
[Site "NANCY"]
[Date "2013.08.14"]
[Round "3.1"]
[White "Bellahcene, Omar"]
[Black "Carral, Didier"]
[Result "0-1"]
[WhiteElo "1789"]
[BlackElo "1699"]
[Annotator "Rivier,Sylvain"]
[PlyCount "129"]
[EventDate "2013.??.??"]

1. e4 Nf6 2. e5 Nd5 3. d4 d6 4. c4 Nb6 5. exd6 cxd6 6. h3 Nc6 7. Nf3 Bf5 8. Bd3
Qd7 9. Na3 Rc8 10. b3 h6 11. O-O g5 12. Bxf5 Qxf5 13. Qc2 Qxc2 14. Nxc2 Bg7 15.
Bb2 O-O 16. Rfe1 e6 17. Rab1 Rfe8 18. a3 Ne7 19. Ne3 Ng6 20. g3 Ne7 21. Kg2 Kh7
22. h4 Kg6 23. hxg5 hxg5 24. Bc1 Nc6 25. d5 exd5 26. cxd5 Ne5 27. Nxe5+ Bxe5
28. Ng4 Nxd5 29. Nxe5+ dxe5 30. Bb2 f6 31. Rbd1 Red8 32. Rc1 Ne7 33. Rxc8 Rxc8
34. Re2 Nf5 35. Rd2 Rc6 36. g4 Nd6 37. f3 Kf7 38. a4 Ke6 39. Ba3 b6 40. Rd3 Nb7
41. Kf2 Rc2+ 42. Ke3 Nc5 43. Bxc5 Rxc5 44. Ke4 Rc1 45. Ke3 Rc2 46. b4 Ra2 47.
b5 Rxa4 48. Rc3 Rb4 49. Rc6+ Kf7 50. Rc7+ Kg6 51. Rxa7 Rxb5 52. Ra4 Rb3+ 53.
Ke4 Kf7 54. Ra8 Rb4+ 55. Ke3 Ke7 56. Rc8 Rb1 57. Ke4 b5 58. Rc7+ Kd6 59. Rb7
Rb4+ 60. Ke3 Kc6 61. Rf7 Rf4 62. Rf8 Kc5 63. Rc8+ Kb4 64. Ke2 Ka4 65. Ra8+ {
suite illisible} 0-1

[Event "Championnat de France - Open C"]
[Site "NANCY"]
[Date "2013.08.14"]
[Round "3.2"]
[White "Verhulst, Jens"]
[Black "Mangold, Noe"]
[Result "0-1"]
[WhiteElo "1690"]
[BlackElo "1781"]
[PlyCount "60"]
[EventDate "2013.??.??"]

1. c4 Nf6 2. Nc3 c5 3. g3 d5 4. cxd5 Nxd5 5. Bg2 Nf6 6. d3 Nc6 7. Nf3 e5 8. a3
Be7 9. O-O O-O 10. Qc2 Be6 11. Na4 b6 12. Ng5 Bd5 13. Nf3 Nd4 14. Nxd4 cxd4 15.
Bxd5 Qxd5 16. b4 Rfc8 17. Qd2 b5 18. Nb2 Qb3 19. Qg5 Bd6 20. Nd1 Rc2 21. f4 e4
22. dxe4 Nxe4 23. Qxb5 Rac8 24. Nf2 Nxf2 25. Kxf2 d3 26. Rd1 Bc5+ 27. Kg2 Qd5+
28. Kh3 Qh5+ 29. Kg2 Rxe2+ 30. Kf1 Qh3# 0-1

[Event "Championnat de France - Open C"]
[Site "NANCY"]
[Date "2013.08.14"]
[Round "3.3"]
[White "Ribiere, Damien"]
[Black "Coiffait, Casimir"]
[Result "1-0"]
[WhiteElo "1686"]
[BlackElo "1764"]
[PlyCount "125"]
[EventDate "2013.??.??"]

1. e4 e6 2. d4 d5 3. Nc3 Nf6 4. e5 Nfd7 5. Nf3 c5 6. dxc5 Bxc5 7. Bd3 Nc6 8.
Bf4 a6 9. O-O f6 10. exf6 Nxf6 11. Qe2 Nd4 12. Nxd4 Bxd4 13. Qd2 Bc5 14. Rae1
O-O 15. Bg5 Bd6 16. Nd1 e5 17. Ne3 e4 18. Be2 d4 19. Bc4+ Kh8 20. Nd5 e3 21.
fxe3 Ne4 22. Bxd8 Rxf1+ 23. Bxf1 Nxd2 24. exd4 Bd7 25. Ba5 Nxf1 26. Rxf1 Re8
27. Bc7 Bb5 28. Rc1 Bf8 29. c4 Bc6 30. Nc3 Rc8 31. Be5 b6 32. a3 Kg8 33. b4 Be7
34. d5 Bd7 35. Ne4 Bf5 36. Ng3 Bd3 37. d6 Bd8 38. c5 bxc5 39. bxc5 Bb5 40. Nf5
g6 41. Nd4 Bg5 42. Rc3 Bc6 43. Nxc6 Rxc6 44. Bd4 Kf7 45. Kf2 Ke6 46. Ke2 Rc8
47. Rb3 Rf8 48. g3 Kd5 49. Rd3 Kc6 50. h4 Re8+ 51. Kd1 Bd8 52. Re3 Rf8 53. Kd2
Rf2+ 54. Kd3 Rf1 55. Kc4 Rc1+ 56. Rc3 Rf1 57. Rb3 Rc1+ 58. Bc3 Rg1 59. Rb8 Rxg3
60. Rxd8 Rg4+ 61. Bd4 Rxh4 62. Rc8+ Kd7 63. Rc7+ 1-0

[Event "Championnat de France - Open C"]
[Site "NANCY"]
[Date "2013.08.14"]
[Round "3.4"]
[White "Zounani, Yacine"]
[Black "Marsaudon, Eric"]
[Result "0-1"]
[WhiteElo "1750"]
[BlackElo "1696"]
[PlyCount "88"]
[EventDate "2013.??.??"]

1. d4 Nf6 2. c4 g6 3. Nc3 Bg7 4. e4 d6 5. Nf3 O-O 6. Be2 Nbd7 7. O-O e5 8. d5
a5 9. Qc2 h6 10. a3 b6 11. Ne1 g5 12. Be3 Nc5 13. f3 Nh5 14. g4 Nf4 15. Bxf4
gxf4 16. Ng2 Bf6 17. b4 Nb7 18. Bd3 Kg7 19. Qf2 h5 20. h3 Rh8 21. Rfc1 hxg4 22.
hxg4 Rh3 23. Rab1 Qh8 24. Kf1 Bxg4 25. fxg4 Rxd3 26. Ke2 Rh3 27. Kd1 axb4 28.
axb4 Ra3 29. Qb2 Ra8 30. Ne1 Qh4 31. Rc2 f3 32. Rf2 Rh1 33. Nb5 Bg5 34. Nxc7
Rc8 35. c5 Rxc7 36. cxd6 Rd7 37. Ra1 Nxd6 38. Ra2 Bf6 39. Qc2 Qxg4 40. Qd3 Nxe4
41. Rxf3 Rxd5 42. Qxd5 Nc3+ 43. Kd2 Nxd5 44. Raa3 Qxb4+ 0-1

[Event "Championnat de France - Open C"]
[Site "NANCY"]
[Date "2013.08.14"]
[Round "3.5"]
[White "Guillaume, Marvin"]
[Black "Lantoine, Gauthier"]
[Result "1-0"]
[WhiteElo "1748"]
[BlackElo "1690"]
[PlyCount "47"]
[EventDate "2013.??.??"]

1. e4 c6 2. d4 d5 3. Nc3 dxe4 4. Nxe4 Bf5 5. Ng3 Bg6 6. h4 h6 7. h5 Bh7 8. Nf3
e6 9. Ne5 Nd7 10. f4 Nxe5 11. fxe5 Bxc2 12. Qxc2 Qxd4 13. Qe4 Bb4+ 14. Ke2 Bc5
15. Qxd4 Bxd4 16. Bf4 Ne7 17. Rd1 O-O-O 18. Ne4 Bxb2 19. Nd6+ Kc7 20. Rb1 Nd5
21. Rxb2 Nxf4+ 22. Kf3 Rxd6 23. exd6+ Kxd6 24. Kxf4 1-0

[Event "Championnat de France - Open C"]
[Site "NANCY"]
[Date "2013.08.14"]
[Round "3.6"]
[White "Brandel, Leo"]
[Black "Roch, Florian"]
[Result "1/2-1/2"]
[WhiteElo "1679"]
[BlackElo "1744"]
[PlyCount "40"]
[EventDate "2013.??.??"]

1. d4 Nf6 2. Nf3 e6 3. e3 b6 4. c4 Bb7 5. Nc3 Bb4 6. a3 Bxc3+ 7. bxc3 O-O 8.
Bd3 d6 9. O-O Nbd7 10. Re1 Ne4 11. Qc2 f5 12. Nd2 Nxf2 13. Kxf2 Qh4+ 14. Kf1
Qxh2 15. Nf3 Bxf3 16. gxf3 Qh1+ 17. Kf2 Qh2+ 18. Kf1 Qh1+ 19. Kf2 Qh2+ 20. Kf1
Qh1+ 1/2-1/2

[Event "Championnat de France - Open C"]
[Site "NANCY"]
[Date "2013.08.14"]
[Round "3.7"]
[White "Wolfangel, Claude"]
[Black "Quaia, Charles"]
[Result "1-0"]
[WhiteElo "1743"]
[BlackElo "1681"]
[PlyCount "71"]
[EventDate "2013.??.??"]

1. c4 Nf6 2. Nc3 e5 3. Nf3 d6 4. d3 Be7 5. g3 Nc6 6. Bg2 O-O 7. O-O Bd7 8. a3
a5 9. Rb1 Qc8 10. b4 axb4 11. axb4 Re8 12. b5 Nd8 13. Bg5 Ne6 14. Bxf6 Bxf6 15.
Nd5 Bd8 16. Nb4 Nc5 17. Nd2 Bh3 18. f4 Bxg2 19. Kxg2 exf4 20. Rxf4 Bg5 21. Rf3
Qe6 22. e4 Qd7 23. Rf5 Re5 24. Rf2 Re6 25. Rf5 Bxd2 26. Qxd2 c6 27. Rbf1 f6 28.
R1f2 Re5 29. R5f4 cxb5 30. Nd5 Ra6 31. Rxf6 Re8 32. cxb5 Ra3 33. Qf4 Qd8 34.
Rxd6 Nxd3 35. Qf7+ Kh8 36. Rxd8 1-0

[Event "Championnat de France - Open C"]
[Site "NANCY"]
[Date "2013.08.14"]
[Round "3.8"]
[White "Doyen, Remi"]
[Black "Bonas, Jean-Marie"]
[Result "1-0"]
[WhiteElo "1647"]
[BlackElo "1739"]
[PlyCount "54"]
[EventDate "2013.??.??"]

1. e4 e5 2. Nf3 Nc6 3. Bb5 a6 4. Ba4 b5 5. Bb3 d6 6. O-O Na5 7. d4 Nxb3 8. axb3
Bg4 9. dxe5 Bxf3 10. Qxf3 dxe5 11. Rd1 Qf6 12. Qd3 Rd8 13. Qxd8+ Qxd8 14. Rxd8+
Kxd8 15. Rxa6 Ne7 16. Na3 c6 17. c4 b4 18. Nc2 c5 19. Be3 Kc7 20. Bxc5 Kb7 21.
Ra7+ Kc6 22. Bxe7 Bxe7 23. Rxe7 Rd8 24. Nxb4+ Kc5 25. Nd5 Kd4 26. f3 Rb8 27. b4
Kd3 1-0

[Event "Championnat de France - Open C"]
[Site "NANCY"]
[Date "2013.08.14"]
[Round "3.9"]
[White "Lafortune, Emerick"]
[Black "Ursulet, Stephanie"]
[Result "1-0"]
[WhiteElo "1728"]
[BlackElo "1620"]
[PlyCount "53"]
[EventDate "2013.??.??"]

1. Nf3 e6 2. c4 Nf6 3. Nc3 d5 4. d4 c5 5. cxd5 exd5 6. g3 Nc6 7. Bg2 Ne4 8. O-O
Be6 9. Be3 Be7 10. Rc1 O-O 11. dxc5 Nxc5 12. a3 d4 13. Bxd4 Nb3 14. e3 Nxc1 15.
Qxc1 Rc8 16. Qc2 b5 17. Rd1 Nxd4 18. Nxd4 Qb6 19. Qe4 a6 20. Nf5 Bxf5 21. Qxf5
Qf6 22. Nd5 Qe6 23. Qxe6 fxe6 24. Nxe7+ Kh8 25. Nxc8 Rxc8 26. Bb7 Rc7 27. Rd8#
1-0